| 000 | 01661cam a22003494a 4500 | ||
|---|---|---|---|
| 001 | 15118287 | ||
| 005 | 20080130135310.0 | ||
| 008 | 071219s2003 enka bf 001 0 eng | ||
| 010 | _a 2007530824 | ||
| 020 | _a0750308982 (set) | ||
| 020 | _a0750304324 (v. 1) | ||
| 020 | _a0750308974 (v. 2) | ||
| 040 |
_aDLC _cDLC |
||
| 050 | 0 | 0 |
_aTK7872.S8 _bH356 2003 |
| 082 |
_222 _a621.35 _bHAN |
||
| 245 | 0 | 0 |
_aHandbook of superconducting materials,V1. / _cedited by David A. Cardwell and David W. Ginley. |
| 260 |
_aBristol ; _aPhiladelphia : _bInstitute of Physics Pub., _cc2003. |
||
| 300 |
_a2 v. : _bill. ; _c25 cm. |
||
| 500 | _aIncluding index. | ||
| 504 | _aIncludes bibliographical references and index. | ||
| 505 | 0 | _av. 1. Supercondictivity, materials, and processes -- v. 2. Characterization, applications, and cryogenics. | |
| 650 | 0 |
_aElectronics _xMaterials _vHandbooks, manuals, etc. _95679 |
|
| 650 | 0 |
_aSuperconductors _xManufacture _vHandbooks, manuals, etc. _95680 |
|
| 650 | 0 |
_aSuperconductors _xChemistry _vHandbooks, manuals, etc. _95681 |
|
| 650 | 0 |
_aSuperconductors _xThermal properties _vHandbooks, manuals, etc. _95682 |
|
| 700 | 1 |
_aCardwell, David A. _95683 |
|
| 700 | 1 |
_aGinley, D. S. _q(David S.) _95684 |
|
| 942 |
_2ddc _cNB |
||
| 999 |
_c11700 _d11700 |
||